|
|
|
|
| LEADER |
00000ny a22000003n 4500 |
| 005 |
20110511122453.0 |
| 008 |
980113d19971998coumr p eng d |
| 010 |
|
|
|a 99103201
|
| 022 |
|
|
|a 0898-6363
|
| 035 |
|
|
|a 2947
|
| 040 |
|
|
|a CoD
|c CoD
|d vLex
|
| 050 |
0 |
0 |
|a HC107.C7
|b C587
|
| 050 |
0 |
0 |
|a HC107.C7
|b C587
|
| 082 |
0 |
0 |
|a 330.9788/005
|2 19
|
| 090 |
|
|
|c 1650
|d 1650
|
| 245 |
3 |
0 |
|a Colorado business magazine
|h [Recurso electrn̤ico]
|
| 246 |
3 |
7 |
|a Colorado business
|
| 256 |
|
|
|a Servicio en ln̕ea.
|
| 260 |
|
|
|a Englewood, Colo. :
|b Wiesner, Inc.
|
| 310 |
|
|
|a Mensual
|
| 506 |
1 |
|
|a Contenido solo disponible en los productos indicados
|d vLex Global
|d vLex Global (Academic Edition, excluding Law Schools)
|d vLex Global (Academic Edition, Law Schools)
|
| 650 |
0 |
4 |
|a Colorado (Estados Unidos, Estado)
|x Comercio
|x Publicaciones periodicas
|
| 651 |
|
4 |
|a Colorado (Estados Unidos, Estado)
|x Condiciones econm̤icas
|x Publicaciones periodicas
|
| 740 |
|
|
|a vLex Revista (Servicios en ln̕ea)
|
| 780 |
0 |
0 |
|t Colorado business (Englewood, Colo. : 1993)
|
| 843 |
|
|
|a Electrn̤ica. Abierta
|
| 853 |
|
|
|8 1
|i (year)
|j (month)
|k (day)
|
| 856 |
4 |
0 |
|z Acceso restringido
|u http://vlex.com/account/login_ip?fuente_id=2947
|
| 942 |
|
|
|c REV
|
| 999 |
|
0 |
|a Colorado
|v Periodicals.
|
| 999 |
|
0 |
|a Colorado
|v Periodicals.
|